|
|
|
|
| LEADER |
00000nab a2200000 a 4500 |
| 001 |
vtls000408776 |
| 003 |
SK-MaSNL |
| 005 |
20260319075314.0 |
| 008 |
160202c1991 xo 0 hun |
| 015 |
|
|
|a SNBRB19rr/mm-uuuuu
|
| 035 |
|
|
|a CL0408900
|
| 040 |
|
|
|a SNKBUCL
|b slo
|c SNKBUCL
|e AACR2
|
| 041 |
0 |
|
|a slo
|
| 044 |
|
|
|a xo
|c SK
|
| 080 |
|
|
|a 347.235=945.11
|2 1981
|
| 100 |
1 |
|
|a Egri, Ferenc
|4 aut
|9 942599
|
| 245 |
1 |
0 |
|a Föld, föld, föld...!
|b Tulajdonosok kérdezték - a minisztériumok illetékesci válaszoltak. /Vlastníci sa pýtali - príslušníci ministerstva
|c Ferenc Egri
|
| 650 |
0 |
7 |
|a poľnohospodárstvo
|2 snkbucl
|9 679
|
| 650 |
0 |
7 |
|a privatizácia poľnohospodárstva
|2 snkbucl
|9 970114
|
| 655 |
|
7 |
|a články z novín a časopisov
|2 snkbucl
|9 267496
|
| 773 |
0 |
|
|t Új szó
|g Roč. 44, č. 1 (2. 1. 1991), s. 4
|
| 850 |
|
|
|a Slovenská národná knižnica v Martine
|a MTA001
|
| 852 |
|
|
|a SNK
|b KIS3GCP
|
| 958 |
|
|
|a RK
|
| 958 |
|
|
|a HU
|
| 992 |
|
|
|a RBX
|
| 999 |
|
|
|c 1551470
|d 1553400
|